| 000 | 00676nam a2200217Ia 4500 | ||
|---|---|---|---|
| 003 | OSt | ||
| 005 | 20250128112927.0 | ||
| 008 | 210716s1989 xx 000 0 und d | ||
| 040 | _cAIMIT LIBRARY | ||
| 041 | _aeng | ||
| 082 |
_a006.620288 _22 _bBLOR |
||
| 100 |
_aBlodgett, Ralph. _9195790 |
||
| 245 |
_aHard disk management : _bfor the IBM PC PS/2 and compatibles / _cBy Ralph Blodgett. |
||
| 250 | _a2nd ed. | ||
| 260 |
_aNew Delhi : _bBPB Publications , _c1989. |
||
| 300 |
_aix,316p. ; _bPB _c23.7 cm |
||
| 650 |
_aWhy should you choose a hard disk _9195791 |
||
| 650 |
_aSpredsheets _9195792 |
||
| 650 |
_aIntegration _9195793 |
||
| 942 |
_2ddc _cBK _e1st _k006.620288 BLOR |
||
| 999 |
_c181907 _d181907 |
||